Некоторые результаты наблюдения за образованием отложений на конвективных поверхностях нагрева при сжигании назаровских углей; Материалы научно-технического совещания по экономическому сжиганию бурых углей Канско-Ачинского бассейна, Красноярск, февраль 1966 г.

Dades bibliogràfiques
Parent link:Материалы научно-технического совещания по экономическому сжиганию бурых углей Канско-Ачинского бассейна, Красноярск, февраль 1966 г..— 1967.— С. 115-138
Altres autors: Лебедев И. К. Иван Кириллович, Смиренский В. Н., Торлопов А. А., Трикашный Н. В.
Idioma:rus
Publicat: 1967
Matèries:
Format: MixedMaterials Capítol de llibre
KOHA link:https://koha.lib.tpu.ru/cgi-bin/koha/opac-detail.pl?biblionumber=176695

MARC

LEADER 00000naa2a2200000 4500
001 176695
005 20231031165352.0
035 |a (RuTPU)RU\TPU\book\191587 
035 |a RU\TPU\tpu\3775 
090 |a 176695 
100 |a 20100303d1967 k y0rusy50 ca 
101 0 |a rus 
102 |a RU 
200 1 |a Некоторые результаты наблюдения за образованием отложений на конвективных поверхностях нагрева при сжигании назаровских углей  |f И. К. Лебедев [и др.] 
320 |a Библиогр.: 10 назв. 
463 0 |0 (RuTPU)RU\TPU\book\191217  |t Материалы научно-технического совещания по экономическому сжиганию бурых углей Канско-Ачинского бассейна, Красноярск, февраль 1966 г.  |f Красноярское краевое научно-техническое общество энергетической промышленности   |v С. 115-138  |d 1967  |p 296 с. 
610 1 |a энергетика 
610 1 |a труды учёных ТПУ 
610 1 |a теплотехника 
610 1 |a паротехника 
610 1 |a двигатели внутреннего сгорания 
610 1 |a водяные двигатели 
610 1 |a хладотехника 
701 1 |a Лебедев  |b И. К.  |c российский ученый  |c энергетик  |c профессор Томского политехнического института  |f 1911-1995  |g Иван Кириллович  |2 stltpush  |3 (RuTPU)RU\TPU\pers\19832 
701 1 |a Смиренский  |b В. Н. 
701 1 |a Торлопов  |b А. А. 
701 1 |a Трикашный  |b Н. В. 
701 1 |a Лебедев  |b И. К.  |c российский ученый  |c энергетик  |c профессор Томского политехнического института  |f 1911-1995  |g Иван Кириллович  |2 stltpush  |3 (RuTPU)RU\TPU\pers\19832 
801 0 |a RU  |b 63413507  |c 20011210  |g PSBO 
801 2 |a RU  |b 63413507  |c 20110629  |g PSBO 
942 |c BK